000 00837nam a2200217Ia 4500
999 _c39911
_d39911
001 6516
003 GE_BSU
005 20191120165453.0
008 181216s1958||||g |||||||||||||| ||g ||
040 _cGE_BSU
041 _ageo
080 _a821.353.1-2 გ-12
100 _aგაბესკირია, ვიქტორ.
_95430
245 _aუფსკრულთან :
_bდრამა 4 მოქ., 7 სურათად /
_cვიქტორ გაბესკირია ; რედ. ალიო ადამია.
264 _aთბილისი :
_bხელოვნება,
_c1958.
300 _a92 გვ. ;
_c18 სმ.
653 _aდრამა
653 _aუფსკრულთან
700 _aადამია, ალიო.
_eრედაქტორი
_93893
942 _cBK
_2udc